000 01173cam a22003014a 4500
001 13276506
005 20150715105615.0
008 030716s2004 nyu b s001 0 eng
010 _a 2003059026
020 _a079146069X
020 _a0791460703 (pbk.)
040 _aDLC
_cDLC
_dDLC
042 _apcc
050 0 0 _aB832
_b.P7525 2004
082 0 0 _a144/.3
_222
245 0 4 _aThe pragmatic turn in philosophy :
_bcontemporary engagements between analytic and continental thought /
_cedited by William Egginton and Mike Sandbothe.
260 _aAlbany :
_bState University of New York Press,
_cc2004.
300 _avi, 262 p. ;
_c24 cm.
504 _aIncludes bibliographical references (p. 249-256) and index.
650 0 _aPragmatism
_xHistory
_y21st century.
_918048
650 0 _aPragmatism
_xHistory.
_918049
650 0 _aPhilosophy, Modern
_y21st century.
_918050
700 1 _aEgginton, William,
_d1969-
_916020
700 1 _aSandbothe, Mike,
_d1961-
_918051
906 _a7
_bcbc
_corignew
_d1
_eocip
_f20
_gy-gencatlg
942 _2lcc
_cMONOGRAPH
999 _c122900
_d122900